000 01070cam a22003257a 4500
003 CHAP
005 20220817041431.0
008 971013s1968 r 00010 d
010 _a14346
011 _a15318
035 _a19393
040 _cCHAP
090 _aFolleto 883
100 0 0 _aHernández Corzo, Rodolfo.
_953918
245 1 3 _aLa investigación de la fauna y el desarrollo económico
260 _aMéxico, D.F. :
_bReunión Nacional en la Reforma Agraria,
_c1968
300 _a33 h.
490 0 _aDocumento C-T-Ref./Agr. III-35
590 _aBATCH-UPD
_b10
_c20130110
_lUCH01
_h1024
590 _aBATCH-UPD
_b10
_c20130410
_lUCH01
_h0629
590 _aBATCH-UPD
_b10
_c20130914
_lUCH01
_h1148
590 _aCONVERSION
_b10
_c20130109
_lUCH01
_h1309
650 1 4 _aDesarrollo económico.
650 1 4 _aVida silvestre
_xConservación.
_9119166
830 0 _aDocumento C-T-Ref./Agr. III-35
_933204
901 _aBK
942 _cFOLL
949 _aFolleto 883
_bBC
_cFOLL
_d-45087
_eTS1
_i19393
_mD
_si
949 _aFolleto 883
_bBC
_cFOLL
_d-45089
_eTS2
_i19393
_mD
_si
999 _c14346
_d14346